| 000 | 00947cam a2200253 a 4500 | ||
|---|---|---|---|
| 001 | 15214209 | ||
| 005 | 20180314081839.0 | ||
| 008 | 080311s2008 paua b 001 0 eng | ||
| 010 | _a 2008010908 | ||
| 020 | _a9781605299594 (hardcover) | ||
| 020 | _a1605299596 (hardcover) | ||
| 020 | _a9781605295626 (trade paperback) | ||
| 040 |
_aDLC _cDLC _dDLC |
||
| 041 | _aeng | ||
| 080 | _a613.25 vac | ||
| 082 | 0 | 0 |
_a613.25 vac _222 |
| 100 | _a4 | ||
| 101 | _ashm | ||
| 245 | 0 | 0 |
_aFlat belly diet! : _cby Liz Vaccariello, editor-in-chief ; with Cynthia Sass. |
| 504 | _aIncludes bibliographical references and index. | ||
| 906 |
_a7 _bcbc _corignew _d1 _eecip _f20 _gy-gencatlg |
||
| 942 |
_2ddc _cBK |
||
| 999 |
_c45011 _d45011 |
||